000 00669nam a2200181Ia 4500
008 090123s9999 xx 000 0 und d
082 _b34078
100 _aपचिंद्रे श्रीराम ग.
245 _aभ्रष्टाचाराच्या कथा
250 _a0
260 _bराजश्री प्रकाशन
300 _a173
600 _aपचिंद्रे श्रीराम ग.
630 _aभ्रष्टाचाराच्या कथा
700 _aपचिंद्रे श्रीराम ग.
730 _aभ्रष्टाचाराच्या कथा
942 _cBOOK
999 _c72122
_d72122